El Conde-Duque de Olivares (Record no. 6994)

MARC details
000 -LEADER
campo de control de longitud fija 00946nam a2200265 i 4500
001 - NÚMERO DE CONTROL
campo de control 6994
003 - IDENTIFICADOR DE NÚMERO DE CONTROL
campo de control ES-MaACL
005 - FECHA Y HORA DE LA ÚLTIMA TRANSACCIÓN
campo de control 20251207063030.0
007 - CAMPO FIJO DE DESCRIPCIÓN FÍSICA--INFORMACIÓN GENERAL
campo de control de longitud fija t|
008 - DATOS DE LONGITUD FIJA--INFORMACIÓN GENERAL
campo de control de longitud fija 900720s1990 sp ||||1| spa d
020 ## - NÚMERO INTERNACIONAL ESTÁNDAR DEL LIBRO
Número Internacional Estándar del Libro 84-7423-439-5
080 ## - NÚMERO DE LA CLASIFICACIÓN DECIMAL UNIVERSAL
Número de la Clasificación Decimal Universal 92 Olivares, Conde-Duque de
100 1# - ENTRADA PRINCIPAL--NOMBRE DE PERSONA
Nombre de persona Elliott, J. H.,
Fechas asociadas al nombre 1930-
9 (RLIN) 47042
245 13 - MENCIÓN DEL TÍTULO
Título El Conde-Duque de Olivares
Resto del título : el politico en una epoca de decadencia /
Mención de responsabilidad, etc. J. H. Elliott ; traduccion castellana de Teofilo de Lozoya ; revision de Antonio Feros y el autor.
250 ## - MENCION DE EDICION
Mención de edición 2a ed.
260 ## - PUBLICACIÓN, DISTRIBUCIÓN, ETC.
Lugar de publicación, distribución, etc. Barcelona :
Nombre del editor, distribuidor, etc. Critica,
Fecha de publicación, distribución, etc. 1990.
300 ## - DESCRIPCIÓN FÍSICA
Extensión 713 p. :
Otras características físicas il. ;
Dimensiones 24 cm.
500 ## - NOTA GENERAL
Nota general Indice alfabetico.
504 ## - NOTA DE BIBLIOGRAFÍA, ETC.
Nota de bibliografía, etc. Bibliogr.: p. 660-679.
600 14 - PUNTO DE ACCESO ADICIONAL DE MATERIA--NOMBRE DE PERSONA
Nombre de persona Olivares, Gaspar de Guzmán,
Títulos y otros términos asociados al nombre Conde Duque de,
Fechas asociadas al nombre 1587-1645
9 (RLIN) 86766
700 1# - ENTRADA AGREGADA--NOMBRE PERSONAL
Nombre de persona Lozoya, Teófilo de.
9 (RLIN) 74479
700 1# - ENTRADA AGREGADA--NOMBRE PERSONAL
Nombre de persona Feros, Antonio.
9 (RLIN) 50219
852 ## - LOCALIZACIÓN
Ubicación ES-MaACL
Número de control de estantería L-14262
Sublocalización o colección R.118073
Nota libre . - cart.
Holdings
Estatus retirado Estado de pérdida Estado de daño No para préstamo Biblioteca de origen Biblioteca actual Ubicación en estantería Fecha de adquisición Fuente de adquisición Total de préstamos Signatura topográfica completa Código de barras Visto por última vez Precio de reemplazo Tipo de ítem Koha
        Biblioteca del Ateneo de Madrid Biblioteca del Ateneo de Madrid Depósito 2 17/01/2008     L-14262 1007131 23/02/2023 23/02/2023 Libro impreso